| 000 | 00403nam a2200169Ia 4500 | ||
|---|---|---|---|
| 008 | 180207s9999 xx 000 0 und d | ||
| 020 | _a9780375872143 | ||
| 050 | _bS493 2011 | ||
| 245 | _aSesame Street : | ||
| 245 | _bElmo doodle Dandy / | ||
| 260 | _aNew York : | ||
| 260 | _bRandom House, Inc., | ||
| 260 | _c2011 | ||
| 300 | _aunpaged : | ||
| 300 | _bcolor illustration ; | ||
| 300 | _c15cm. | ||
| 999 |
_c355743 _d355743 |
||